Loading...
| Fine Arts - Classical Music | 0 | 10 | 0 | 2 | 100 | 69 | 120.90 | 0 | 0 | 0.00 | 0.00 |
| Geography | 0 | 8 | 0 | 2 | 80 | 83 | 108.50 | 0 | 1 | 0.00 | 0.00 |
| History - American | 0 | 6 | 0 | 1 | 60 | 68 | 110.50 | 0 | 1 | 0.00 | 0.00 |
| History - World | 0 | 5 | 0 | 2 | 50 | 52 | 113.40 | 1 | 1 | 0.00 | 0.00 |
| Any History | 0 | 5 | 0 | 0 | 50 | 83 | 101.20 | 0 | 0 | 0.00 | 0.00 |
| Painting & Sculpture | 0 | 5 | 0 | 3 | 50 | 97 | 129.80 | 0 | 0 | 0.00 | 0.00 |
| History - European | 0 | 5 | 0 | 1 | 50 | 93 | 123.00 | 0 | 0 | 0.00 | 0.00 |
| Literature - World | 0 | 4 | 0 | 1 | 40 | 63 | 120.25 | 0 | 0 | 0.00 | 0.00 |
| Literature - British | 0 | 4 | 1 | 0 | 35 | 94 | 127.00 | 0 | 0 | 0.00 | 0.00 |
| Literature - European | 0 | 3 | 0 | 3 | 30 | 131 | 136.00 | 0 | 0 | 0.00 | 0.00 |
| Literature - American | 0 | 3 | 0 | 0 | 30 | 125 | 137.00 | 0 | 0 | 0.00 | 0.00 |
| Science - Chemistry | 0 | 3 | 0 | 2 | 30 | 114 | 121.67 | 0 | 0 | 0.00 | 0.00 |
| Science - Other | 0 | 3 | 0 | 2 | 30 | 106 | 125.00 | 0 | 0 | 0.00 | 0.00 |
| Science - Physics | 0 | 3 | 1 | 0 | 25 | 87 | 90.67 | 0 | 0 | 0.00 | 0.00 |
| Religion | 0 | 2 | 0 | 0 | 20 | 98 | 99.00 | 0 | 0 | 0.00 | 0.00 |
| Other Academic | 0 | 2 | 0 | 1 | 20 | 111 | 125.00 | 0 | 0 | 0.00 | 0.00 |
| Fine Arts - Other | 0 | 2 | 0 | 0 | 20 | 99 | 133.00 | 0 | 1 | 0.00 | 0.00 |
| Social Science | 0 | 1 | 1 | 0 | 5 | 118 | 118.00 | 0 | 0 | 0.00 | 0.00 |
| Philosophy | 0 | 0 | 1 | 0 | -5 | 0.00 | 0 | 0 | 0.00 | 0.00 |